| 000 | 01495cam a2200313 a 4500 | ||
|---|---|---|---|
| 999 |
_c3652 _d3652 |
||
| 001 | 005501734 | ||
| 003 | OCoLC | ||
| 005 | 20240424094710.0 | ||
| 008 | 110424t20132003nyu 000 1 eng d | ||
| 020 |
_a9781594631931 _q(pbk.) |
||
| 040 |
_aJRS _beng _cJRS _dNCHU _dKH8 |
||
| 042 | _anbic | ||
| 082 | _aFIC HOS | ||
| 100 | 1 |
_aHosseini, Khaled, _eauthor. |
|
| 245 | 1 | 4 |
_aThe kite runner / _cKhaled Hosseini. |
| 250 | _a1st Riverhead trade pbk. ed. | ||
| 260 |
_aNew York : _bRiverhead Books, _c2004, c2005. |
||
| 300 |
_axv, 371 p. ; _c21 cm. |
||
| 500 | _a1077175: Riverhead 10th anniversary edition, 2013. | ||
| 520 | _aAn epic tale of fathers and sons, of friendship and betrayal, that takes us from Afghanistan in the final days of the monarchy to the atrocities of the present. The unforgettable, heartbreaking story of the unlikely friendship between a wealthy boy and the son of his father's servant, The Kite Runner is a beautifully crafted novel set in a country that is in the process of being destroyed. It is about the power of reading, the price of betrayal, and the possibility of redemption, and it is also about the power of fathers over sons-their love, their sacrifices, their lies. | ||
| 650 | 0 |
_aMale friendship _vFiction. |
|
| 650 | 0 |
_aSocial classes _vFiction. |
|
| 650 | 0 |
_aBetrayal _vFiction. |
|
| 650 | 0 |
_aBoys _vFiction. |
|
| 651 | 0 |
_aKabul (Afghanistan) _vFiction. |
|
| 651 | 0 |
_aAfghanistan _vFiction. |
|
| 655 | 7 |
_aBildungsromans. _2gsafd. |
|
| 942 |
_2ddc _cFIC |
||